00870nam a2200205 a 450000100100000000500170001000800410002704000250006808200150009310000340010824500590014225000110020126000550021230000210026750000890028850400730037759000260045095201710047699900170064700004912920201002061659.0190722s1996 dr r 000 0 spa d aDO-SdBNPbspacBNPHU axxxxbxxxx1 aRodríguez, Juan Luis94443310aSeñor enséñanos a orar /cJuan Luis Rodríguez. a2a ed. aSanto Domingo :bEspiritualidad del Caribe,c1996. a117 p. ;c22 cm. aComentarios de San Cipriano, San Agustín y Santa Teresa de Jesús al padrenuestro aIncluye referencias bibliográficas y notas al pie de las páginas aInventariado, 2019/BT 0010718PDaPDbPDcHDd2019-07-22iLF1l0oxxxx xxxxp49130-10r2020-06-25w2020-06-25yLFPDzPerteneció a la biblioteca personal de César Rivera.ZNo se presta c48617d48617